Česko-slovenská historická ročenka ...
| Korporativní autor: | Česko-slovenská komise historiků |
|---|---|
| Další autoři: | Slovenská akadémia vied. Ústav politických vied |
| Jazyk: | Slovenština Polština Čeština |
| Vydáno: |
Brno : Masarykova univerzita v Brně ;Česko-slovenská komise historiků, 1996- Brno : ACADEMICUS-Coprint Bratislava : Veda Skalica : Stredoeurópska vysoká škola ;Veda, Vydavateľstvo Slovenskej akadémie vied Bratislava : Veda [Praha] : Historický ústav AV ČR, v.v.i. ;Masarykova univerzita ;Univerzita Mateja Bela v Banskej Bystrici Praha : Historický ústav AV ČR, v.v.i. ;Masarykova univerzita ;Historický ústav SAV, v.v.i. Praha : Ústav pro soudobé dějiny AV ČR, v.v.i. ;Masarykova univerzita ;Historický ústav Slovenskej akadémie vied |
| Témata: | |
| Externí odkaz: |
Online archiv vydaných ročníků
Digitalizovaný dokument |
| Fyzický popis: |
^^^svazků : ilustrace (převážně barevné), portréty, faksimile ; 23-24 cm |
| Odebírané svazky: |
1996-2015, 2021-2025- |
| Language note: |
Částečně slovenský text, v některých svazcích částečně polský text |
| LEADER | 12980nas a2201957 i 4500 | ||
|---|---|---|---|
| 001 | nkc20050361273 | ||
| 003 | CZ PrNK | ||
| 005 | 20260422150635.0 | ||
| 007 | ta | ||
| 008 | 980622c19969999xr fr p 0 b0cze | ||
| 015 | |a cnb000361273 | ||
| 022 | |a 1214-8334 | ||
| 035 | |a (OCoLC)37349766 | ||
| 035 | |a (OCoLC)910013705 | ||
| 040 | |a ABA001 |b cze |d OLA001 |d BOA001 |e rda | ||
| 041 | 0 | |a cze |a pol |a slo | |
| 043 | |a e-cs--- | ||
| 044 | |a xr |a xo | ||
| 045 | |a x1x9 | ||
| 072 | 7 | |a 94(437) |x Dějiny Česka a Slovenska |2 Konspekt |9 8 | |
| 080 | |a 94(437) |2 MRF | ||
| 080 | |a (=162.3):(=162.4) |2 MRF | ||
| 080 | |a 323.1:314.113 |2 MRF | ||
| 080 | |a 323.1 |2 MRF | ||
| 080 | |a 93/94 |2 MRF | ||
| 080 | |a 930 |2 MRF | ||
| 080 | |a 316.774:004.9 |2 MRF | ||
| 080 | |a (437) |2 MRF | ||
| 080 | |a (062.552) |2 MRF | ||
| 080 | |a (058) |2 MRF | ||
| 210 | 1 | |a Čes.-slov. hist. roč. | |
| 222 | 0 | |a Česko-slovenská historická ročenka | |
| 245 | 0 | 0 | |a Česko-slovenská historická ročenka ... |
| 246 | 1 | 2 | |a Češi a Slováci 1993-2012 : |b vzdalování a přibližování |f 2012 |
| 246 | 1 | 2 | |a Minulost je bitevním polem současníků : |b k slovensko-českým a česko-slovenským vzťahom |f 2012 |
| 246 | 1 | 2 | |a Viditeľná i skrytá... |f 2013 |
| 246 | 1 | 2 | |a Štúdie k česko-slovenským vzťahom a českým a slovenským dejinám |f 2013 |
| 246 | 1 | 2 | |a Centrum a periféria v Československu: región a jeho formovanie |f 2014/2015 |
| 246 | 1 | 2 | |a Vliv České a Slovenské exilové historiografie na historiografii domácí |f 2014/2015 |
| 246 | 1 | 2 | |a Cirkev štát a česko-slovenské vzťahy v prvej polovici 20. storočia |f 2014/2015 |
| 246 | 1 | 2 | |a Ženská otázka a gender v československých moderních dějinách |f 2014/2015 |
| 246 | 1 | 2 | |a Podkarpatská Rus a etnoidentifikačné procesy na jej území v prvej polovici 20. storočia |f 2016 |
| 246 | 1 | 2 | |a Umenie vo vojne - vojna v umení (pamäť 1. svetovej vojny v literatúre a umení) |f 2016 |
| 246 | 1 | 2 | |a Roky 1848-1918-1938-1948-1968, ich priebeh, dohry a reflexia v spoločných dejinách |f 2017/2018 |
| 246 | 1 | 2 | |a Vnitřní migrační pohyby v Československu v kontextu česko-slovenských vztahů |f 2017/2018 |
| 246 | 1 | 2 | |a Doprava v kontexte česko-slovenských vzťahov v 20.storočí |f 2017/2018 |
| 246 | 1 | 2 | |a Počátky normalizace v Československu (1969-1971) |f 2019/2020 |
| 246 | 1 | 2 | |a Štúdie k česko-slovenským vzťahom a českým a slovenským dejinám, II. |f 2019/2020 |
| 246 | 1 | 2 | |a Historie v digitálním věku |f 2021 (23/1) |
| 246 | 1 | 2 | |a Firma Baťa v kontextu česko-slovenských vztahů |f 2021 (23/2) |
| 246 | 1 | 2 | |a Česko-slovenské vzťahy a kultúra |f 2022 (24/2) |
| 246 | 1 | 2 | |a Česko-slovenské dějiny ve výuce |f 2023 (25/1) |
| 246 | 1 | 2 | |a Revoluce v moderních dějinách Střední Evropy v interpretacích doby a vědy |f 2023 (25/2) |
| 246 | 1 | 2 | |a Hospodářské a sociální aspekty česko-slovenských vztahů |f 2024 (26/1) |
| 246 | 1 | 2 | |a Koncept elit v česko-slovenském kontextu |f 2024 (26/2) |
| 246 | 1 | 2 | |a Na rozcestí: alternativy vývoje moderních dějin |f 2024 (26/2) |
| 246 | 1 | 2 | |a Fenomén periferie v kontextu česko-slovenských vztahů |f 2025 (27/1) |
| 264 | 1 | |a Brno : |b Masarykova univerzita v Brně ; |a [Praha] : |b Česko-slovenská komise historiků, |c 1996- | |
| 264 | 2 | 1 | |3 2008-2011 |a Brno : |b ACADEMICUS-Coprint |
| 264 | 2 | 1 | |3 2012-2013 |a Bratislava : |b Veda |
| 264 | 2 | 1 | |3 2014-2015 |a Skalica : |b Stredoeurópska vysoká škola ; |a Bratislava : |b Veda, Vydavateľstvo Slovenskej akadémie vied |
| 264 | 2 | 1 | |3 2016-2020 |a Bratislava : |b Veda |
| 264 | 2 | 1 | |3 2021-2024/1 |a [Praha] : |b Historický ústav AV ČR, v.v.i. ; |a Brno : |b Masarykova univerzita ; |a [Banská Bystrica] : |b Univerzita Mateja Bela v Banskej Bystrici |
| 264 | 2 | 1 | |3 2024/2 |a Praha : |b Historický ústav AV ČR, v.v.i. ; |a Brno : |b Masarykova univerzita ; |a Bratislava : |b Historický ústav SAV, v.v.i. |
| 264 | 3 | 1 | |3 2025- |a Praha : |b Ústav pro soudobé dějiny AV ČR, v.v.i. ; |a Brno : |b Masarykova univerzita ; |a Bratislava : |b Historický ústav Slovenskej akadémie vied |
| 300 | |a ^^^svazků : |b ilustrace (převážně barevné), portréty, faksimile ; |c 23-24 cm | ||
| 310 | |a 2x ročně, |b 2021- | ||
| 321 | |a Ročenka, |b 1996-2020 | ||
| 336 | |a text |b txt |2 rdacontent | ||
| 337 | |a bez média |b n |2 rdamedia | ||
| 338 | |a svazek |b nc |2 rdacarrier | ||
| 362 | 0 | |a 1996-2019/2020 ; 23/1/2021- | |
| 500 | |a Součástí názvu některých svazků je označení běžného roku nebo rozmezí let | ||
| 500 | |a Některé svazky s vlastními tematickými podnázvy | ||
| 500 | |a Ročníky 2014/2015, 2017/2018 a 2019/2020 vydány jako dvojčísla | ||
| 500 | |a Jednotlivé svazky mají ISBN, od ročníku 2021 pouze ISSN | ||
| 541 | |c pv-r | ||
| 546 | |a Částečně slovenský text, v některých svazcích částečně polský text | ||
| 550 | |a Vydavatel: Česko-slovenská/Slovensko-česká komise historiků; vydavatelé v letech 2012-2020: Ústav politických vied SAV ve spolupráci s Česko-slovenskou/Slovensko-českou komisí historiků | ||
| 648 | 7 | |a 1918-1992 |7 ch460674 |2 czenas | |
| 650 | 0 | 7 | |a Češi a Slováci |7 ph136917 |2 czenas |
| 650 | 0 | 7 | |a národnostní politika |7 ph137535 |z Československo |2 czenas |
| 650 | 0 | 7 | |a dějiny |7 ph114390 |2 czenas |
| 650 | 0 | 7 | |a historiografie |7 ph114672 |2 czenas |
| 650 | 0 | 7 | |a digitální média |7 ph559630 |2 czenas |
| 650 | 0 | 9 | |a Czechs and Slovaks |2 eczenas |
| 650 | 0 | 9 | |a nationality policy |z Czechoslovakia |2 eczenas |
| 650 | 0 | 9 | |a history |2 eczenas |
| 650 | 0 | 9 | |a historiography |2 eczenas |
| 650 | 0 | 9 | |a digital media |2 eczenas |
| 651 | 7 | |a Československo |7 ge131689 |x dějiny |2 czenas | |
| 651 | 7 | |a Československo |7 ge131689 |x národnostní poměry |2 czenas | |
| 651 | 9 | |a Czechoslovakia |x history |2 eczenas | |
| 651 | 9 | |a Czechoslovakia |x nationalities relations |2 eczenas | |
| 655 | 7 | |a sborníky |7 fd724344 |2 czenas | |
| 655 | 7 | |a ročenky |7 fd133307 |2 czenas | |
| 655 | 9 | |a papers |2 eczenas | |
| 655 | 9 | |a yearbooks |2 eczenas | |
| 710 | 2 | |a Česko-slovenská komise historiků |7 kn20031110001 |4 isb | |
| 710 | 2 | |a Slovenská akadémia vied. |b Ústav politických vied |7 kn20040106003 |4 isb | |
| 856 | 4 | 1 | |u https://www.cskh.sk/cesko-slovenska-historicka-rocenka/fulltext/ |y Online archiv vydaných ročníků |4 N |
| 856 | 4 | 1 | |u https://www.digitalniknihovna.cz/mzk/uuid/uuid:a26922b0-a809-11e6-8bf1-001018b5eb5c |y Digitalizovaný dokument |x NDK |
| 902 | |a 80-210-1474-1 |q (1996 ; |q Masarykova univerzita ; |q brožováno) | ||
| 902 | |a 80-210-1701-5 |q (1997 ; |q Masarykova univerzita ; |q brožováno) | ||
| 902 | |a 80-210-1976-X |q (1998 ; |q Masarykova univerzita ; |q brožováno) | ||
| 902 | |a 80-210-2233-7 |q (1999 ; |q Masarykova univerzita ; |q brožováno) | ||
| 902 | |a 80-210-2484-4 |q (2000 ; |q Masarykova univerzita ; |q brožováno) | ||
| 902 | |a 80-210-2743-6 |q (2001 ; |q Masarykova univerzita ; |q brožováno) | ||
| 902 | |a 80-210-3021-6 |q (2002 ; |q Masarykova univerzita ; |q brožováno) | ||
| 902 | |a 80-210-3298-7 |q (2003 ; |q Masarykova univerzita ; |q brožováno) | ||
| 902 | |a 80-210-3596-X |q (2004 ; |q Masarykova univerzita ; |q brožováno) | ||
| 902 | |a 80-210-3895-0 |q (2005 ; |q Masarykova univerzita ; |q brožováno) | ||
| 902 | |a 80-210-4188-9 |q (2006 ; |q Masarykova univerzita ; |q brožováno) | ||
| 902 | |a 978-80-210-4497-5 |q (2007 ; |q Masarykova univerzita ; |q brožováno) | ||
| 902 | |a 978-80-87192-01-6 |q (2007 ; |q Coprint ; |q brožováno) | ||
| 902 | |a 978-80-87192-03-0 |q (2008 ; |q Coprint ; |q brožováno) | ||
| 902 | |a 978-80-87192-09-2 |q (2009 ; |q Coprint ; |q brožováno) | ||
| 902 | |a 978-80-87192-10-8 |q (2010 ; |q Coprint ; |q brožováno) | ||
| 902 | |a 978-80-87192-19-1 |q (2011 ; |q Coprint ; |q brožováno) | ||
| 902 | |a 978-80-224-1342-8 |q (2012 ; |q Veda ; |q brožováno) | ||
| 902 | |a 978-80-224-1390-9 |q (2013 ; |q Veda ; |q brožováno) | ||
| 902 | |a 978-80-89391-35-6 |q (2013 ; |q Stredoeurópska vysoká škola ; |q brožováno) | ||
| 902 | |a 978-80-224-1552-1 |q (2014/2015 ; |q Veda ; |q brožováno) | ||
| 902 | |a 978-80-224-1636-8 |q (2016 ; |q Veda ; |q brožováno) | ||
| 902 | |a 978-80-224-1712-9 |q (2017/2018 ; |q Veda ; |q brožováno) | ||
| 902 | |a 978-80-224-1878-2 |q (2019/2020 ; |q Veda ; |q brožováno) | ||
| 910 | 2 | |a BOA001 |b 01705-1054.651 |b KPB-0002.344 |s 1996-2015, 2021-2025- | |
| 920 | |a 000394066 | ||
| 928 | 9 | |a Coprint | |
| 990 | |a SE | ||
| 995 | |a 01 | ||
| 991 | |b 202306 | ||
| 996 | 6 | |b 2610085998 |c 01705-1054.651 |d 1996 |y 1996 |l MZK |r Sklad / do 1 hodiny |n 8 |p p.v. |w 000394066 |u 000010 |a 1 |e BOA001 |j MZK50 |s P | |
| 996 | 6 | |b 2610085999 |c 01705-1054.651 |d 1997 |y 1997 |l MZK |r Sklad / do 1 hodiny |n 4 |p p.v. |w 000394066 |u 000020 |a 1 |e BOA001 |j MZK50 |s P | |
| 996 | 6 | |b 2610094227 |c 01705-1054.651 |d 1998 |y 1998 |l MZK |r Sklad / do 1 hodiny |n 7 |p p.v. |w 000394066 |u 000030 |a 1 |e BOA001 |j MZK50 |s P | |
| 996 | 6 | |b 2610116562 |c 01705-1054.651 |d 1999 |y 1999 |l MZK |r Sklad / do 1 hodiny |n 5 |p p.v. |w 000394066 |u 000040 |a 1 |e BOA001 |j MZK50 |s P | |
| 996 | 6 | |b 2610164502 |c 01705-1054.651 |d 2001 |y 2001 |l MZK |r Sklad / do 1 hodiny |n 37 |p p.v. |w 000394066 |u 000050 |a 1 |e BOA001 |j MZK50 |s P | |
| 996 | 6 | |b 2610198110 |c 01705-1054.651 |d 2002 |y 2002 |l MZK |r Sklad / do 1 hodiny |n 2 |p p.v. ; 80-210-3021-6 |w 000394066 |u 000060 |a 1 |e BOA001 |j MZK50 |s P | |
| 996 | 6 | |b 2610232591 |c 01705-1054.651 |d 2003 |y 2003 |l MZK |r Sklad / do 1 hodiny |n 9 |p p.v. |w 000394066 |u 000070 |a 1 |e BOA001 |j MZK50 |s P | |
| 996 | 6 | |b 2610234810 |c 01705-1054.651 |d 2003 |y 2003 |l MZK |r Sklad / do 1 hodiny |n 2 |p p.v. |w 000394066 |u 000080 |a 1 |e BOA001 |j MZK50 |s P | |
| 996 | 6 | |b 2610257884 |c 01705-1054.651 |d 2004 |y 2004 |l MZK |r Sklad / do 1 hodiny |n 6 |p p.v. |w 000394066 |u 000090 |a 1 |e BOA001 |j MZK50 |s P | |
| 996 | 6 | |b 2610257885 |c 01705-1054.651 |d 2004 |y 2004 |l MZK |r Sklad / do 1 hodiny |n 1 |p p.v. |w 000394066 |u 000100 |a 1 |e BOA001 |j MZK50 |s P | |
| 996 | 6 | |b 2610289745 |c 01705-1054.651 |d 2005 |v 2005 |y 2005 |l MZK |r Sklad / do 1 hodiny |n 9 |p p.v. |w 000394066 |u 000110 |a 1 |e BOA001 |j MZK50 |s P | |
| 996 | 6 | |b 2610289746 |c 01705-1054.651 |d 2006 |v 2006 |y 2006 |l MZK |r Sklad / do 1 hodiny |n 2 |p p.v. |w 000394066 |u 000120 |a 1 |e BOA001 |j MZK50 |s P | |
| 996 | 6 | |b 2610320216 |c 01705-1054.651 |d 2006 |v 2006 |y 2006 |l MZK |r Sklad / do 1 hodiny |n 7 |p p.v. |w 000394066 |u 000130 |a 1 |e BOA001 |j MZK50 |s P | |
| 996 | 6 | |b 2610355086 |c 01705-1054.651 |d 2007 |v 2007 |y 2007 |l MZK |r Sklad / do 1 hodiny |n 3 |p p.v. |w 000394066 |u 000140 |a 1 |e BOA001 |j MZK50 |s P | |
| 996 | 6 | |b 2610355087 |c 01705-1054.651 |d 2007 |v 2007 |y 2007 |l MZK |r Sklad / do 1 hodiny |n 2 |p p.v. |w 000394066 |u 000150 |a 1 |e BOA001 |j MZK50 |s P | |
| 996 | 6 | |b 2610425499 |c 01705-1054.651 |d 2008 |v 2008 |y 2008 |l MZK |r Sklad / do 1 hodiny |n 8 |p p.v. |w 000394066 |u 000160 |a 1 |e BOA001 |j MZK50 |s P | |
| 996 | 6 | |b 2610461506 |c 01705-1054.651 |d 2009 |v 2009 |y 2009 |l MZK |r Sklad / do 1 hodiny |n 3 |p p.v. |w 000394066 |u 000170 |a 1 |e BOA001 |j MZK50 |s P | |
| 996 | 6 | |b 2610598860 |c 01705-1054.651 |d 2012 |v 2012 |y 2012 |l MZK |r Sklad / do 1 hodiny |n 3 |p dar |w 000394066 |u 000180 |a 1 |e BOA001 |j MZK50 |s P | |
| 996 | 6 | |b 2610626026 |c 01705-1054.651 |d 2013 |v 2013 |y 2013 |l MZK |r Sklad / do 1 hodiny |n 4 |p p.v. |w 000394066 |u 000190 |a 1 |e BOA001 |j MZK50 |s P | |
| 996 | 6 | |b 2610636709 |c 01705-1054.651 |d 2010 |v 2010 |y 2010 |l MZK |r Sklad / do 1 hodiny |n 1 |p p.v. |w 000394066 |u 000200 |a 1 |e BOA001 |j MZK50 |s P | |
| 996 | 6 | |b 2610636710 |c 01705-1054.651 |d 2011 |v 2011 |y 2011 |l MZK |r Sklad / do 1 hodiny |n 3 |p p.v. |w 000394066 |u 000210 |a 1 |e BOA001 |j MZK50 |s P | |
| 996 | 6 | |b 2610899313 |c 01705-1054.651 |d 2021 23 1 |v 23 |i 1 |y 2021 |l MZK |r Sklad / do 1 hodiny |n 0 |p p.v. |w 000394066 |u 000220 |a 1 |e BOA001 |j MZK50 |s P | |
| 996 | 6 | |b 2610899892 |c 01705-1054.651 |d 2016-17 |v 2013 |y 2016 |l MZK |r Sklad / do 1 hodiny |n 1 |p dar |w 000394066 |u 000230 |a 1 |e BOA001 |j MZK50 |s P | |
| 996 | 6 | |b 2610899893 |c 01705-1054.651 |d 2017-18 |v 2017-18 |y 2017-2018 |l MZK |r Sklad / do 1 hodiny |n 0 |p dar |w 000394066 |u 000240 |a 1 |e BOA001 |j MZK50 |s P | |
| 996 | 6 | |b 2610899894 |c 01705-1054.651 |d 2019-20 |v 2019-20 |y 2019-2020 |l MZK |r Sklad / do 1 hodiny |n 0 |p dar |w 000394066 |u 000250 |a 1 |e BOA001 |j MZK50 |s P | |
| 996 | 6 | |b 2610940437 |c 01705-1054.651 |d 2021 23 2 |v 23 |i 2 |y 2021 |l MZK |r Sklad / do 1 hodiny |n 0 |p p.v. |w 000394066 |u 000260 |a 1 |e BOA001 |j MZK50 |s P | |
| 996 | 6 | |b 2610940438 |c 01705-1054.651 |d 2022 24 1 |v 24 |i 1 |y 2022 |l MZK |r Sklad / do 1 hodiny |n 0 |p p.v. |w 000394066 |u 000270 |a 1 |e BOA001 |j MZK50 |s P | |
| 996 | 6 | |b 2610944379 |c 01705-1054.651 |d 2022 24 2 |v 24 |i 2 |y 2022 |l MZK |r Sklad / do 1 hodiny |n 0 |p p.v. |w 000394066 |u 000280 |a 1 |e BOA001 |j MZK50 |s P | |
| 996 | 6 | |b 2610944380 |c 01705-1054.651 |d 2023 25 1 |v 25 |i 1 |y 2023 |l MZK |r Sklad / do 1 hodiny |n 0 |p p.v. |w 000394066 |u 000290 |a 1 |e BOA001 |j MZK50 |s P | |
| 996 | 6 | |b 2610968877 |c 01705-1054.651 |d 2023 25 2 |v 25 |i 2 |y 2023 |l MZK |r Sklad / do 1 hodiny |n 0 |p p.v. |w 000394066 |u 000300 |a 1 |e BOA001 |j MZK50 |s P | |
| 996 | 6 | |b 2610980689 |c 01705-1054.651 |d 2024 26 1 |v 26 |i 1 |y 2024 |l MZK |r Sklad / do 1 hodiny |n 2 |p p.v. |w 000394066 |u 000320 |a 1 |e BOA001 |j MZK50 |s P | |
| 996 | 6 | |b 2610982236 |c 01705-1054.651 |d 2014-15 |v 2014-2015 |y 2014-2015 |l MZK |r Sklad / do 1 hodiny |n 0 |p kup |w 000394066 |u 000310 |a 1 |e BOA001 |j MZK50 |s P | |
| 996 | 6 | |b 2611007850 |c 01705-1054.651 |d 2025 27 1 |v 27 |i 1 |y 2025 |l MZK |r Sklad / do 1 hodiny |n 0 |p p.v. |w 000394066 |u 000330 |a 1 |e BOA001 |j MZK50 |s P | |
| 996 | 6 | |b 2611012150 |c 01705-1054.651 |d 2024 26 2 |v 26 |i 2 |y 2024 |l MZK |r Sklad / do 1 hodiny |n 1 |p p.v |w 000394066 |u 000340 |a 1 |e BOA001 |j MZK50 |s P | |
English
Čeština 